000 00974nam a2200205Ii 4500
003 JO-AjNU
008 230605s9999||||xx |||||||||||||| ||und||
040 _aJO-AjNU
_bara
_erda
_cJO-AjNU
041 _aara
050 1 4 _aDS36.855.S89 1986
100 3 _aالسيوطي، جلال الدين عبد الرحمن، تحقيق زغلول، محمد السعيد بيسوني,
_eauthor
_915110
245 0 0 _a الوسائل في مسامرة الأوائل / لجلال الدين عبد الرحمن السيوطي. ويليه كتاب الأوائل / للحافظ الطبراني ؛ تحقيق محمد السعيد زغلول 
250 _aط1
264 3 1 _aبيروت: دار الكتب العلمية، 1986
300 _a205ص
_bكشافات من ص (161-205 )
336 _atext
_btxt
_2rdacontent
337 _aunmediated
_bn
_2rdamedia
338 _avolume
_bnc
_2rdacarrier
650 4 _aالتاريخ الاسلامي- الحضارة الاسلامية
_915111
999 _aA4190
_c7758
_d7758